ASIA Y LA DOMINACION OCCIDENTAL: UN EXAMEN DE LA HISTORIA DE ASIA DESDE LA LLEGADA DE VASCO DE GAMA 1498-1945 /
TRADUCCION DE: ASIA AND WESTERN DOMINANCE A SURVEY OF THE DA GAMA EPOCH OF ASIAN HISTORY 1498-1945
שמור ב:
| מחבר ראשי: | |
|---|---|
| פורמט: | ספר |
| סדרה: | BIBLIOTECA ASIA Y AFRICA
|
| נושאים: | |
| תגים: |
אין תגיות, היה/י הראשונ/ה לתייג את הרשומה!
|
MARC
| LEADER | 00000nam^a2200000^a^4500 | ||
|---|---|---|---|
| 001 | 000230318 | ||
| 005 | 20250521000000.0 | ||
| 009 | 20260310104433.749 | ||
| 035 | |a 051590 | ||
| 037 | |a Acervo Xavier Clavigero | ||
| 082 | |a 950. 3 |b PAN | ||
| 100 | |a Panikkar, K.M. |e (autor) | ||
| 245 | 1 | 0 | |a ASIA Y LA DOMINACION OCCIDENTAL: |b UN EXAMEN DE LA HISTORIA DE ASIA DESDE LA LLEGADA DE VASCO DE GAMA 1498-1945 / |c K.M. PANIKKAR; TR. NESTOR A. MIGUEZ |
| 264 | |a BUENOS AIRES : |b EUDEBA, |c 1966 | ||
| 300 | |a 505p. | ||
| 336 | |a texto |b txt |2 rdacontenido | ||
| 337 | |a sin mediación |b n |2 rdamedio | ||
| 338 | |a volumen |b nc |2 rdasoporte | ||
| 440 | |a BIBLIOTECA ASIA Y AFRICA | ||
| 520 | |a TRADUCCION DE: ASIA AND WESTERN DOMINANCE A SURVEY OF THE DA GAMA EPOCH OF ASIAN HISTORY 1498-1945 | ||
| 520 | |a INDICE | ||
| 649 | |a XX | ||
| 650 | |a Asia - |x Historia | ||
| 910 | |a Fondo General | ||
| 920 | |a Impresos - Libros | ||
| 930 | |a Colección General | ||
| 905 | |a 101 | ||
| 901 | |a 051590 |b IT1 |c ACC |i 051590 |u 20250521 | ||
| 902 | |a https://opac.biblio.iteso.mx/vufind/Record/000230318 | ||